Deutschland nach Buchstabe - M - Statistiken

Allgemein
  • Dieses Quiz wurde 109 mal gespielt
  • Das Durchschnittsergebnis liegt bei 17 aus 20
Antwortstatistiken
Hinweis Antwort % Korrekt
Erste Bundeskanzlerin Deutschlands Angela Merkel
100%
Fluss durch Würzburg, Aschaffenburg und Frankfurt Main
100%
Millionenstadt an der Isar mit Oktoberfest München
100%
17. Bundesland und beliebtes Reiseziel mit Ballermann Mallorca
99%
Aktueller Bundeskanzler von der CDU Friedrich Merz
98%
Häufigster Nachname in Deutschland Müller
98%
Historisches Ereignis am 9. November 1989 Mauerfall
96%
Spezialität aus rohem Schweinefleisch Mett
95%
Bekannter Lübecker Schriftsteller (Buddenbrooks, Mario und der Zauberer, Zauberberg) Thomas Mann
93%
Quadratstadt an der Mündung des Neckars in den Rhein Mannheim
88%
Universitäts-, Bistums und Fahrradstadt in Westfalen Münster
87%
Region um Schwerin, Rostock und Güstrow Mecklenburg
85%
Stadt im Rheinland, dessen Fohlenelf in den 70ern erfolgreich Fußball spielte Mönchengladbach
84%
Aus Frankreich kommender Fluss durch Trier und Koblenz in den Rhein Mosel
84%
Lübecker Spezialität aus Mandeln, Zucker und Wasser Marzipan
80%
In dieser sächsischen Stadt wurde das Porzellan neu erfunden Meissen
79%
Größter ausschließlich in Deutschland liegender See im Nordosten des Landes Müritz
73%
Universitäts- und ehemalige Residenzstadt an der Lahn mit Elisabethkirche Marburg
70%
Stadt in Ostwestfalen am Kreuz von Weser und Mittellandkanal Minden
69%
Landkreis im westlichen Sauerland um Iserlohn, Menden und Altena Märkischer Kreis
27%
Keine übereinstimmenden Quizze gefunden
Verteilung der Resultate
Anzahl Personen mit jedem Resultat
Perzentil nach korrekt beantworteten Fragen
Ihre Resultats-Entwicklung
Sie haben dieses Quiz noch nicht gespielt